00296nam a2200109Ia 4500008004100000020001800041082001900059100001400078245005400092260003100146300000900177210430s9999 xx 000 0 und d a9780470267639 a333.79 H 155 D aJay Hakes 2aA Declaration of Energy Independence /cJay Hakes aAmericabJohn Wiley c2008 a252p